000 01037nam a2200301 i 4500
003 DO-SdBPM
005 20251017134125.0
007 ta
008 230609b2022 dr ||||| 00| 0 spa d
020 _a9789945510171
040 _aDO-SdBPM
_bspa
_cBPMSU
_erda
_d
082 4 _aCu863.5
_bE18L 2022
_222
100 1 _aEchevarría, Ahmel,
_d1974-
_eautor
245 1 3 _aLa noria :
_bnovela /
_cAhmel Echevarría ; corrección Andrés Blanco
264 _aSanto Domingo :
_bEditora Nacional;
_bMinisterio de Cultura,
_c2022.
300 _a176 páginas ;
_c21 cm.
336 _2rdacontent
_atexto
_btxt
337 _2rdamedia
_asin mediación
_bn
338 _2rdacarrier
_avolumen
_bnc
500 _aIncluye referencias bibliográficas y notas al pie de las páginas
590 _aInventariado, 2025/VM
650 7 _aNovela cubana
650 4 _aLiteratura cubana
700 1 _aBlanco, Andrés,
_ecorrección
710 2 _aMinisterio de Cultura de la República Dominicana
910 _aVMateo V. Control de calidad BPMSU
942 _2ddc
_cBK
999 _c15463
_d15463